Implementación de herramientas de manejo de paisaje en la ventana de paisaje rural ganadero en la cuenca media del Río Chambery, municipio de Aranzazu y Salamina, Caldas (Registro nro. 4759)
[ vista simple ]
| 000 -CABECERA | |
|---|---|
| Campo de control | 00875nam a2200229 a 4500 |
| 005 - FECHA Y HORA DE LA ULTIMA TRANSACCION | |
| Campo de control | 20150210165420.0 |
| 008 - ELEMENTOS DE LONGITUD FIJA—INFORMACION GENERAL | |
| Campo de control | 140123b2005 ck ||||| |||| 00| 0 spa d |
| 040 ## - FUENTE DE CATALOGACIÓN | |
| Agencia transcriptora | CO-BoIH |
| Agencia catalogadora original | CO-BoIAVH |
| 041 ## - IDIOMA | |
| Código de idioma para texto/pista de sonido o título separado | Español |
| 044 ## - PAÍS DE PUBLICACIÓN | |
| País de publicación | Colombia |
| 090 ## - CLASIFICACIÓN LOCAL | |
| Colección | IAVH |
| Consecutivo | 00397 |
| 110 ## - ASIENTO PRINCIPAL--NOMBRE CORPORATIVO | |
| Unidad subordinad | Fundación PANGEA |
| 245 ## - MENCION DE TITULO | |
| Título | Implementación de herramientas de manejo de paisaje en la ventana de paisaje rural ganadero en la cuenca media del Río Chambery, municipio de Aranzazu y Salamina, Caldas |
| 260 ## - PUBLICACION, DISTRIBUCION, ETC. (PIE DE IMPRENTA) | |
| Lugar de publicación, distribución, etc. | Armenia |
| Nombre del editor, distribuidor, etc. | Fundación PANGEA |
| -- | Instituto Alexander von Humboldt |
| Fecha de publicación, distribución, etc. | 2005 |
| 300 ## - DESCRIPCION FISICA | |
| Extensión | 159 p. |
| 650 ## - ASIENTO SECUNDARIO DE MATERIA - TERMINO TEMATICO | |
| Término temático o nombre geográfico como elemento de entrada | Herramientas de manejo del paisaje |
| 650 ## - ASIENTO SECUNDARIO DE MATERIA - TERMINO TEMATICO | |
| Término temático o nombre geográfico como elemento de entrada | Ventana ganadera |
| 650 ## - ASIENTO SECUNDARIO DE MATERIA - TERMINO TEMATICO | |
| Término temático o nombre geográfico como elemento de entrada | Información socioeconómica |
| 710 ## - ASIENTO SECUNDARIO - NOMBRE CORPORATIVO | |
| Nombre corporativo o de jurisdicción como elemento de entrada | ^aInstituto de Investigación de Recursos Biológicos Alexander von Humboldt |
| 942 ## - ELEMENTOS ADICIONALES (KOHA) | |
| Tipo de ítem | Informe Técnico |
| Sistema de clasificación | Local |
| 945 ## - PROCESAMIENTO LOCAL | |
| AAAA-MM-DD - Fecha de ingreso o modificacion | 2005-11-04 |
| Withdrawn status | Lost status | Sistema de Clasificación | Damaged status | No para préstamo | Colección | Ubicación Permanente | Ubicación actual | Fecha de adquisición | Fuente de Valor | Total Checkouts | Número topográfico | Inventario / Código de Barras | Date last seen | Ejemplar | Price effective from | Forma de adquisición | Tipo de material | Public note | Inventariado |
|---|---|---|---|---|---|---|---|---|---|---|---|---|---|---|---|---|---|---|---|
| Local | Audiovisual | Bogotá | Bogotá | 04/11/2005 | COFA | IAVH-00397 | 018508 | 04/12/2012 | Ej. 2 | 04/12/2012 | CD-ROM | CD-ROM | |||||||
| Local | Humboldt | Bogotá | Bogotá | 04/11/2005 | COFA | IAVH-00397 | 022263 | 04/12/2012 | Ej. 2 | 04/12/2012 | CD-ROM | CD-ROM | |||||||
| Local | Humboldt | Bogotá | Bogotá | 04/11/2005 | COFA | IAVH-00397 | 022262 | 09/08/2024 | Ej. 2 | 04/12/2012 | Informe Técnico | Inventariado 2017 |